LEADER 01887nam a2200337 i 4500 001 000000031332 003 CaOOAMICUS 005 20240716134501.0 008 180830s2014 be u000 u ita u 020 $a978-90-429-3083-4 020 $a978-90-429-3082-7 040 $aSeMil$bita 100 0 $aDionysius : Areopagita,$d.$0(OLS)http://semarc/name/2695 245 10$aNomi divini, Teologia mistica, Epistole /$cDionigi Areopagita ; la versione siriaca di Sergio di R???ayn? : 6. secolo ; tradotta da Emiliano Fiori. 260 $aLovanii :$bPeeters,$c2014. 264 1$aLovanii :$bPeeters,$c2014. 300 $a2 v. ;$c24 cm. 490 1 $aCorpus Scriptorum Christianorum Orientalium. Scriptores Syri 700 0 $aSergius : Rescainae,$d.$0(OLS)http://semarc/name/14478 700 1 $aFiori, Emiliano.$0(OLS)http://semarc/name/14479 774 0 $aDionysius : Areopagita $t1: [Testo].$dLovanii : Peeters, 2014.$kCorpus Scriptorum Christianorum Orientalium$kCorpus Scriptorum Christianorum Orientalium. Scriptores Syri$z978-90-429-3082-7$g1$w()238547 774 0 $aDionysius : Areopagita $t2: [Traduzione].$dLovanii : Peeters, 2014.$kCorpus Scriptorum Christianorum Orientalium$kCorpus Scriptorum Christianorum Orientalium. Scriptores Syri$g2$w()238548 830 0$aCorpus Scriptorum Christianorum Orientalium. Scriptores Syri.$0(OLS)http://semarc/title/9544 900 1 $aDionigi : Areopagita. 996 $6020$a978-90-429-3083-4$9(OLS)http://semarc/number/1446 996 $6020$a978-90-429-3082-7$9(OLS)http://semarc/number/1447 996 $6245$aNomi divini, Teologia mistica, Epistole$9(OLS)http://semarc/title/42617 996 $6260$aLovanii :$bPeeters$9(OLS)http://semarc/publisher/29749 996 $6264$aLovanii :$bPeeters$9(OLS)http://semarc/publisher/29749 LEADER 01369nam a2200265 i 4500 001 000000038457 003 CaOOAMICUS 005 20070124000000.0 008 070124s1966 gw u000 u mul u 013 $a9042 040 $aSeMil$bita 245 10$aEditiones, Critica, Philologica, Biblica /$cedited by F.L. Cross. 300 $aX, 579 p. 490 0 $aTexte und Untersuchungen zur Geschichte der altchristlichen Literatur ;$vBand92 490 0 $aStudia patristica ;$v7 650 4$aPatristica - Studi.$0(OLS)http://semarc/subject/3628 700 1 $aCross, Frank Leslie <1900-1968>.$0(OLS)http://semarc/name/4843 700 1 $aInternational Conference on Patristic Studies <4. ; 1963 ; Oxford>.$0(OLS)http://semarc/name/4842 773 0 $tPapers presented to the Fourth International Conference on Patristic Studies held at Christ Church, Oxford, 1963.$dBerlin : Akademie Verlag, 1966.$kStudia patristica $g1$w()9815 830 0$aTexte und Untersuchungen zur Geschichte der altchristlichen Literatur ;$vBand92.$0(OLS)http://semarc/title/199 830 0$aStudia patristica ;$v7.$0(OLS)http://semarc/title/22570 850 $aSeMil 852 $aSeMil$W1$xVenegono$y1$m2U IV 206$j4612$B4612$CSeMilBibl$Z2$F4612 $81 961 $aSottoscrizione: Altro 996 $6245$aEditiones, Critica, Philologica, Biblica$9(OLS)http://semarc/title/54277